The Ecuador Quiz Stats

 Plays Quiz Updated Aug 23, 2017

Score 0/46 Timer 10:00
6 Plays Today
Hint Answer % Correct
Primary Flag ColorRed
95.5%
Primary Flag ColorBlue
94.7%
Primary Flag ColorYellow
93.6%
Internet Country Code.ec
93.5%
Official LanguageSpanish
92.7%
Capital CityQuito
91.5%
Second Largest CityQuito
91.5%
Bordering CountryPeru
89.1%
Bordering CountryColombia
88.1%
Bordering OceanPacific Ocean
87.1%
Lowest PointPacific Ocean
86.9%
Independence From Spain
84.3%
Drives on the...Right
84%
Largest Religious DenominationCatholicism
83.9%
Nationality (Demonym)Ecuadorian
83.7%
Age of Suffrage16
83.2%
Most Popular SportSoccer
83.1%
Official NameRepublic of Ecuador
74.3%
One of the Four Geographical RegionsLa Región Insular
72.5%
Largest Island GroupGalápagos Islands
72.2%
CurrencyUS dollar
61.7%
One of the Four Geographical RegionsLa Amazonía
61.1%
Number of Provinces24
54.5%
Hint Answer % Correct
Largest CityGuayaquil
48.4%
Largest ExportPetroleum
37.3%
Second Largest ExportBananas
29.3%
One of the Four Geographical RegionsLa Costa
26.1%
Third Largest CityCuenca
24.2%
PresidentLenín Moreno
22.8%
National FlowerRose
20.9%
One of the Four Geographical RegionsLa Sierra
19.8%
Highest PointChimborazo
17.3%
International Calling Code+593
15.7%
Longest RiverNapo River
12.8%
Vice PresidentMaría Alejandra Vicuña
11.6%
Largest Province by PopulationGuayas
11.3%
National AnthemSalve, Oh Patria
11.1%
First and Only Olympic Gold MedalistJefferson Pérez
10.7%
Independence Day (Quito)August 10th
10.3%
Highest WaterfallSan Rafael
9.4%
Largest Province by AreaPastaza
9.2%
National Music GenrePasillo
7.9%
National MottoDios, patria y libertad/God, homeland, and liberty
7.3%
Largest LakeLake San Pablo
6.5%
National TreeCinchona Tree
5.4%
Largest StadiumEstadio Monumental Isidro Romero Carbo
5%

You're not logged in!

Compare scores with friends on all Sporcle quizzes.
OR
Log In

Show Comments

Extras

Top Quizzes Today


Score Distribution

Your Account Isn't Verified!

In order to create a playlist on Sporcle, you need to verify the email address you used during registration. Go to your Sporcle Settings to finish the process.

Report this User

Report this user for behavior that violates our Community Guidelines.

Details: